000 01207nam a22002537a 4500
005 20170124103155.0
010 _aB-178395
020 _c200.00
035 _aB-178395
037 _bCen Lib/Ret
040 _aDPL
_bHN
082 _a370.15
_bबजाज
100 _aबजाज , सुभाष
_989466
245 _aहम अपने बच्चों को क्या पढ़ा रहे है ? /
_cसुभाष बजाज
246 _aHum apne bachchon ko kya padha rahe hain ?
_bby Subhash Bajaj
260 _aनई दिल्ली
_bनारायण प्रकाशन
_c2005
270 _aजे .सी. -10, ए , गुप्ता कॉलोनी मालवीय नगर
_bनई दिल्ली
_e110017
300 _a216पृष्ठ.
_c20सेमी(सजिल्द)
650 _aसामजिक विज्ञान
_989467
650 _aबच्चों के साथ सम्यक व्यव्हार
_989468
650 _aSocial sciences
_989469
650 _aबच्चों के साथ सम्यक व्यव्हार
_989470
942 _2ddc
_cHN
_h370.15
_mबजाज
999 _c120279
_d120279